| 000 | 00689cam a22002171 4500 | ||
|---|---|---|---|
| 001 | gs 08000326 | ||
| 003 | DLC | ||
| 005 | 20260227111308.0 | ||
| 008 | 750616s1908 xx 000 0 eng | ||
| 010 | _ags 08000326 | ||
| 035 | _a(OCoLC)1394302 | ||
| 040 |
_aDLC _cOT _dDLC |
||
| 042 | _apremarc | ||
| 050 | 0 | 0 |
_aSB435 _b.A82 |
| 100 | 1 |
_aAshe, W. W. _q(William Willard), _d1872-1932. |
|
| 245 | 1 | 0 |
_aShade trees for North Carolina / _cby W. W. Ashe ... |
| 260 |
_aRaleigh : _bE. M. Uzell, state printers and binders, _c1908. |
||
| 300 |
_a 74 p. : _bill., x pl. ; _c26 cm. |
||
| 410 | 2 | 0 |
_aNorth Carolina Geological and Economic Survey. _vBulletin no. 16 |
| 650 | 0 |
_aTrees _zNorth Carolina. |
|
| 999 |
_c24752 _d24752 |
||